Lenders and the `Miscellaneous Problems Act` (Record no. 23785)

MARC details
000 -LEADER
fixed length control field 00760cab a2200193 4500
001 - CONTROL NUMBER
control field ABS42430
008 - FIXED-LENGTH DATA ELEMENTS--GENERAL INFORMATION
fixed length control field 090401t1990 xxu||||| |||| 00| 0 eng d
035 ## - SYSTEM CONTROL NUMBER
System control number (Sirsi) u36748
041 ## - LANGUAGE CODE
Language code of text/sound track or separate title eng
100 ## - MAIN ENTRY--PERSONAL NAME
Personal name Simmonds, J.B.C.
245 ## - TITLE STATEMENT
Title Lenders and the `Miscellaneous Problems Act`
260 ## - PUBLICATION, DISTRIBUTION, ETC.
Date of publication, distribution, etc. 1990
350 ## - PRICE (NR) (BK AM CF MU VM SE) [OBSOLETE]
Price 0
490 ## - SERIES STATEMENT
Series statement Solicitors` Journal
Volume/sequential designation 134(10) 9 March 1990, 273-275(3)
520 ## - SUMMARY, ETC.
Summary, etc. Discussion of Law of Property (Miscellaneous Provisions) Act 1989 s2 which has repealed Law of Property Act 1925 s40 thereby abolishing the concept that a contract for the sale of land can be based upon notes or oral evidence and introducing a more formal written contract.
690 ## - LOCAL SUBJECT ADDED ENTRY--TOPICAL TERM (OCLC, RLIN)
Topical term or geographic name as entry element PROPERTY LAW AND PRACTICE
942 ## - ADDED ENTRY ELEMENTS (KOHA)
Suppress in OPAC 0
948 ## - LOCAL PROCESSING INFORMATION (OCLC); SERIES PART DESIGNATOR (RLIN)
c (OCLC) 04/03/1997
Holdings
Withdrawn status Lost status Source of classification or shelving scheme Damaged status Not for loan Home library Current library Shelving location Date acquired Total Checkouts Full call number Barcode Date last seen Copy number Price effective from Koha item type
    Dewey Decimal Classification     London London Journal article 14/09/1999   ABS42430 36748-1001 06/08/2019 1 06/08/2019 Journal article